Compiler Design (Record no. 11300)

MARC details
000 -LEADER
fixed length control field 00400nam a22001817a 4500
003 - CONTROL NUMBER IDENTIFIER
control field OSt
008 - FIXED-LENGTH DATA ELEMENTS--GENERAL INFORMATION
fixed length control field 220610b ||||| |||| 00| 0 eng d
020 ## - INTERNATIONAL STANDARD BOOK NUMBER
International Standard Book Number 9789388934343
082 ## - DEWEY DECIMAL CLASSIFICATION NUMBER
Classification number 005.4 RAC
100 ## - MAIN ENTRY--PERSONAL NAME
Personal name S, Sudha Rani
245 ## - TITLE STATEMENT
Title Compiler Design
260 ## - PUBLICATION, DISTRIBUTION, ETC. (IMPRINT)
Place of publication, distribution, etc New Delhi
Name of publisher, distributor, etc Wiley
Date of publication, distribution, etc 2019
300 ## - PHYSICAL DESCRIPTION
Extent 738
650 ## - SUBJECT ADDED ENTRY--TOPICAL TERM
Topical term or geographic name as entry element CSE
700 ## - ADDED ENTRY--PERSONAL NAME
Personal name M, Karthi
700 ## - ADDED ENTRY--PERSONAL NAME
Personal name Y, Rajkumar
942 ## - ADDED ENTRY ELEMENTS (KOHA)
Source of classification or shelving scheme Dewey Decimal Classification
Koha item type Text Books

No items available.

Design & Developed by: PIET Central Library
R70 Miles Stone Pattikalyana Samalkha Panipat 132102
mail ID :- [email protected], Phone No:- 0180-2569700 Ex.216